000 01477cam a2200253 4500
001 L136273
008 070122n2006 000 0 eng u
020 _a1851128247
_a9781851128242
035 _a(Sirsi) u136273
041 0 _aeng
050 0 4 _a692.21 $2 18
110 2 _aUnited Kingdom
_bDepartment for Communities and Local Government
_94939
245 0 0 _aFire safety risk assessment
_bhealthcare premises
260 _aLondon
_bDepartment for Communities and Local Government
_c2006
300 _a159p.
_c30cm.
490 0 _aDCLG Fire Safety Risk Assessment
505 1 _aIdentify fire hazards -- Identify people at risks -- Evaluate, remove, reduce and protect from risk -- Record plan, inform, instruct and train -- Review -- Further guidance on fire risks and preventative measures -- Fire-detection and warning systems -- Firefighting equipment and facilities -- Escape routes and strategies -- Emergency escape lighting -- Signs and notices -- Recording, planning, informing, instructing and training -- Quality assurance of fire protection equipment and installation
520 _aInstructs on what has to be done to comply with fire safety law, carrying out a fire risk assessment, and identifying the general fire precautions that need to be in place.
590 _aKA
650 2 4 _aREGULATORY REFORM (FIRE SAFETY) ORDER 2005
651 4 _aENGLAND AND SCOTLAND
690 _aMANAGEMENT-HEALTH AND SAFETY-FIRE SAFETY-FIRE RISK ASSESSMENT
942 _n0
999 _c106354
_d106354